[Event "4th Mediterreanean Men & Women Champions"]
[Site "Cannes"]
[Date "2007.02.22"]
[Round "6.16"]
[White "Garcia, Raul"]
[Black "Borg, Andrew"]
[Result "1-0"]
[WhiteElo "2233"]
[BlackElo "2105"]
[PlyCount "175"]
[EventDate "2007.??.??"]

1. d4 d5 2. Nf3 Nf6 3. c4 c6 4. e3 e6 5. Nbd2 Nbd7 6. Bd3 Be7 7. O-O O-O 8. b3
b6 9. Bb2 Bb7 10. Qe2 c5 11. Rad1 Re8 12. Ne5 Bd6 13. f4 Qe7 14. Ndf3 cxd4 15.
exd4 Rf8 16. Nd2 Ba3 17. Ba1 Rfd8 18. f5 exf5 19. Bxf5 Re8 20. Qd3 Nf8 21. Rde1
Qc7 22. Ndf3 h6 23. Bc3 Bd6 24. Bb2 Rad8 25. Qb1 a5 26. Rc1 dxc4 27. bxc4 Qb8
28. Qc2 Bxe5 29. Nxe5 Ne6 30. d5 Nf8 31. Qc3 Qc7 32. Ng4 Rd6 33. Ba3 Nxg4 34.
Bxd6 Qxd6 35. Bxg4 Qc5+ 36. Kh1 Re3 37. Qc2 Nh7 38. Qf2 Nf6 39. Bf3 Ba6 40. Qc2
Re8 41. Rfd1 Rd8 42. Qd3 Ne8 43. Qd4 Nd6 44. Qxc5 bxc5 45. Be2 Ne4 46. Kg1 Kf8
47. Bd3 Nd6 48. Re1 g6 49. Kf2 Rb8 50. Rc3 Rb2+ 51. Re2 Rb4 52. Rb3 Bxc4 53.
Rxb4 cxb4 54. Bxc4 Nxc4 55. Rc2 Ne5 56. Rc7 a4 57. h3 b3 58. axb3 axb3 59. Rb7
b2 60. Ke3 Ke8 61. Kd4 f6 62. Rxb2 Nd7 63. d6 Ne5 64. Kd5 Nd3 65. Rb8+ Kd7 66.
Rb7+ Kd8 67. Rh7 h5 68. g3 f5 69. Kd4 Nf2 70. h4 Ne4 71. Ke5 Nc5 72. Rg7 Nd3+
73. Ke6 Nc5+ 74. Kf6 Ne4+ 75. Kxg6 Nxg3 76. Kg5 Ne4+ 77. Kf4 Nxd6 78. Kg5 Ke8
79. Kxh5 Kf8 80. Ra7 Nf7 81. Kg6 Ne5+ 82. Kxf5 Nc6 83. Ra6 Ne7+ 84. Kg5 Nd5 85.
h5 Kg7 86. h6+ Kg8 87. Rd6 Nc7 88. Rd8+ 1-0

[Event "4th Mediterreanean Men & Women Champions"]
[Site "Cannes"]
[Date "2007.02.23"]
[Round "7.1"]
[White "Saric, Ivan"]
[Black "Djukic, Nikola"]
[Result "1/2-1/2"]
[WhiteElo "2469"]
[BlackElo "2527"]
[PlyCount "126"]
[EventDate "2007.??.??"]

1. e4 c5 2. Nf3 Nc6 3. d4 cxd4 4. Nxd4 Qc7 5. Nc3 e6 6. Be2 a6 7. O-O Nf6 8.
Kh1 Be7 9. f4 d6 10. Be3 O-O 11. Qe1 Na5 12. Rd1 Nc4 13. Bc1 b5 14. b3 Nb6 15.
e5 dxe5 16. fxe5 Nfd7 17. Bf3 Bb7 18. Bxb7 Qxb7 19. Qg3 Kh8 20. Rf3 Bc5 21. Qh4
Rfe8 22. Rxf7 Bxd4 23. Qxd4 Rf8 24. Rxf8+ Rxf8 25. Ba3 Rf5 26. Bc5 h6 27. Bxb6
Nxb6 28. h3 Kh7 29. Qd3 Kh8 30. Qd4 Kh7 31. a4 bxa4 32. bxa4 Qc7 33. Qd3 Nc4
34. Nd5 Qc5 35. Ne7 Qxe7 36. Qxc4 Rxe5 37. Qxa6 Re3 38. Qc4 Qg5 39. Qd4 e5 40.
Qd2 e4 41. a5 Ra3 42. Qxg5 hxg5 43. Re1 e3 44. g4 e2 45. Kg2 Rxa5 46. Rxe2 Ra3
47. c4 Rc3 48. Re4 Kg6 49. Kf2 Rxh3 50. Ke2 Kf7 51. Kd2 Ra3 52. c5 g6 53. c6
Ra8 54. Rc4 Ke6 55. Kc3 Kd6 56. c7 Rc8 57. Kd4 Rxc7 58. Rxc7 Kxc7 59. Ke5 Kd7
60. Kf6 Ke8 61. Kg7 Ke7 62. Kxg6 Kf8 63. Kxg5 Kg7 1/2-1/2

[Event "4th Mediterreanean Men & Women Champions"]
[Site "Cannes"]
[Date "2007.02.23"]
[Round "7.2"]
[White "Atalik, Suat"]
[Black "Cabrera Trujillo, Jorge"]
[Result "1-0"]
[WhiteElo "2586"]
[BlackElo "2279"]
[PlyCount "67"]
[EventDate "2007.??.??"]

1. d4 Nf6 2. c4 g6 3. Nc3 Bg7 4. e4 d6 5. Bd3 O-O 6. Nge2 Nc6 7. O-O e5 8. d5
Nd4 9. Rb1 Ne8 10. Nxd4 exd4 11. Ne2 c5 12. b4 f5 13. exf5 gxf5 14. Qc2 Qh4 15.
g3 Qf6 16. Re1 b6 17. Nf4 Nc7 18. Nh5 Qg6 19. Nxg7 Kxg7 20. bxc5 bxc5 21. Bf4
Rf7 22. h4 h6 23. Qd1 Bd7 24. Rb7 Ne8 25. h5 Qf6 26. Rxd7 Rxd7 27. Re6 Qf7 28.
Rg6+ Kh8 29. Rxh6+ Kg8 30. Rg6+ Kh8 31. Rg5 Qf8 32. Bxf5 Rg7 33. Bg6 Nf6 34.
Rf5 1-0

[Event "4th Mediterreanean Men & Women Champions"]
[Site "Cannes"]
[Date "2007.02.23"]
[Round "7.3"]
[White "Collas, Silvia"]
[Black "Apicella, Manuel"]
[Result "1/2-1/2"]
[WhiteElo "2389"]
[BlackElo "2534"]
[PlyCount "24"]
[EventDate "2007.??.??"]

1. Nf3 d5 2. d4 e6 3. c4 c6 4. Qc2 Bd6 5. Bg5 f6 6. Bh4 Ne7 7. Bg3 Nf5 8. Bxd6
Nxd6 9. Nbd2 O-O 10. g3 Nd7 11. Bg2 f5 12. O-O Qf6 1/2-1/2

[Event "4th Mediterreanean Men & Women Champions"]
[Site "Cannes"]
[Date "2007.02.23"]
[Round "7.5"]
[White "Piscopo, Pierluigi"]
[Black "Gurevich, Mikhail"]
[Result "0-1"]
[WhiteElo "2380"]
[BlackElo "2635"]
[PlyCount "72"]
[EventDate "2007.??.??"]

1. e4 e6 2. d4 d5 3. Nc3 Nf6 4. Bg5 dxe4 5. Nxe4 Be7 6. Bxf6 Bxf6 7. Nf3 Nd7 8.
Qd2 O-O 9. O-O-O b6 10. h4 Bb7 11. Bd3 Be7 12. c3 Nf6 13. Neg5 Bxf3 14. gxf3 c5
15. Rdg1 cxd4 16. c4 Qc7 17. Kb1 Bd6 18. Be2 Rfd8 19. Rg2 d3 20. Bxd3 Bf4 21.
Qc2 h6 22. Nh3 Be5 23. f4 Bxf4 24. Rhg1 Ne8 25. Qe2 Be5 26. f4 Bf6 27. f5 exf5
28. Bxf5 Rd4 29. Be4 Rad8 30. Bd5 Qe5 31. Qc2 Nc7 32. Re2 Qh5 33. Nf2 Nxd5 34.
Ne4 Rxe4 35. Qxe4 Nf4 36. Ree1 Qxh4 0-1

[Event "4th Mediterreanean Men & Women Champions"]
[Site "Cannes"]
[Date "2007.02.23"]
[Round "7.7"]
[White "Khairallah, Faisal"]
[Black "Georgiadis, Ioannis"]
[Result "0-1"]
[WhiteElo "2293"]
[BlackElo "2392"]
[PlyCount "80"]
[EventDate "2007.??.??"]

1. d4 Nf6 2. Nf3 e6 3. Bg5 c5 4. c3 Be7 5. Nbd2 cxd4 6. cxd4 d5 7. e3 O-O 8.
Bd3 Qb6 9. Qb3 Nc6 10. Rc1 Bd7 11. Ne5 Rfd8 12. O-O Be8 13. a3 Rac8 14. Rc2 Na5
15. Qxb6 axb6 16. Rfc1 Rxc2 17. Rxc2 b5 18. e4 Nc4 19. exd5 exd5 20. Ng4 Nxd2
21. Rxd2 Ne4 22. Bxe4 Bxg5 23. f4 Bxf4 24. Rf2 Bxh2+ 25. Kxh2 dxe4 26. Ne3 Bd7
27. g4 f6 28. Kg3 Kf7 29. Rc2 Ke6 30. Rc7 Kd6 31. Rc5 Rc8 32. Rxc8 Bxc8 33. Kf4
g6 34. g5 fxg5+ 35. Kxg5 h5 36. Kxg6 h4 37. Nf1 h3 38. Kg5 e3 39. Ng3 h2 40.
Kf4 e2 0-1

[Event "4th Mediterreanean Men & Women Champions"]
[Site "Cannes"]
[Date "2007.02.23"]
[Round "7.8"]
[White "Drljevic, Ljilja"]
[Black "Calistri, Tristan"]
[Result "1-0"]
[WhiteElo "2243"]
[BlackElo "2381"]
[PlyCount "79"]
[EventDate "2007.??.??"]

1. e4 c5 2. d3 Nc6 3. g3 g6 4. Bg2 Bg7 5. c3 d6 6. f4 Nf6 7. Nf3 O-O 8. O-O Bg4
9. h3 Bxf3 10. Qxf3 Nd7 11. f5 b5 12. g4 b4 13. h4 bxc3 14. bxc3 c4 15. dxc4
Rc8 16. Be3 Qa5 17. Qh3 Nce5 18. Bd4 Rxc4 19. Nd2 Ra4 20. Nb3 Qa6 21. Rf2 Rb8
22. Bf1 Qc6 23. Re1 Ra3 24. g5 Qa4 25. Ree2 Qc6 26. h5 d5 27. exd5 Qxd5 28. Bg2
Qd6 29. hxg6 hxg6 30. Be4 a5 31. fxg6 f6 32. Bf5 a4 33. gxf6 exf6 34. Bxd7 Nxd7
35. Re6 Qd5 36. Re7 Nf8 37. Rxg7+ Kxg7 38. Bxf6+ Kxg6 39. Qg4+ Kf7 40. Qg7+ 1-0

[Event "4th Mediterreanean Men & Women Champions"]
[Site "Cannes"]
[Date "2007.02.23"]
[Round "7.9"]
[White "Peric, Slavisa"]
[Black "Mehaibia, Azzedine"]
[Result "1-0"]
[WhiteElo "2306"]
[BlackElo "2190"]
[PlyCount "85"]
[EventDate "2007.??.??"]

1. d4 Nf6 2. Nf3 g6 3. g3 Bg7 4. Bg2 O-O 5. O-O d6 6. Re1 Nbd7 7. Nc3 e5 8. e4
exd4 9. Nxd4 Re8 10. h3 Nc5 11. Nb3 Nxb3 12. axb3 Bd7 13. e5 dxe5 14. Bxb7 Rb8
15. Bg2 Qc8 16. Kh2 a6 17. Qe2 Re6 18. Be3 Bc6 19. Qxa6 Qe8 20. Bxc6 Rxc6 21.
Qe2 Qe6 22. Ra5 h5 23. Rd1 h4 24. g4 Bf8 25. Rb5 Re8 26. f3 e4 27. f4 Bd6 28.
Kg2 Ra6 29. f5 Qe7 30. fxg6 fxg6 31. Rg5 Raa8 32. Rxg6+ Kh7 33. Rg5 Rg8 34. Rf5
Raf8 35. Rdf1 Rg6 36. Kh1 Nd7 37. Qc4 Rxf5 38. Rxf5 Ne5 39. Qxe4 Qe6 40. Bd4
Nxg4 41. hxg4 Qxe4+ 42. Nxe4 Rxg4 43. Nf6+ 1-0

[Event "4th Mediterreanean Men & Women Champions"]
[Site "Cannes"]
[Date "2007.02.23"]
[Round "7.10"]
[White "Van Hoolandt, Patrick"]
[Black "Lebel, Patrick"]
[Result "1-0"]
[WhiteElo "2257"]
[BlackElo "2165"]
[PlyCount "47"]
[EventDate "2007.??.??"]

1. d4 b5 2. e4 a6 3. c4 bxc4 4. Bxc4 e6 5. Nc3 c6 6. d5 cxd5 7. exd5 Nf6 8.
Nge2 Qc7 9. Bb3 Bb7 10. Bf4 Qa5 11. O-O Be7 12. Qd3 O-O 13. Rfd1 Re8 14. a3 Bd8
15. Bc2 g6 16. b4 Qb6 17. Bb3 exd5 18. Be3 Qc7 19. Rac1 Nc6 20. Nxd5 Nxd5 21.
Qxd5 Ne5 22. Qd4 Bc6 23. Nc3 Qb7 24. Nd5 1-0

[Event "4th Mediterreanean Men & Women Champions"]
[Site "Cannes"]
[Date "2007.02.23"]
[Round "7.13"]
[White "Titova-Boric, Elena"]
[Black "Messina, Roberta"]
[Result "1-0"]
[WhiteElo "2281"]
[BlackElo "1834"]
[PlyCount "91"]
[EventDate "2007.??.??"]

1. e4 c5 2. Nf3 d6 3. d4 cxd4 4. Qxd4 Nc6 5. Bb5 Bd7 6. Bxc6 Bxc6 7. Nc3 Nf6 8.
Bg5 e6 9. O-O Be7 10. Rfe1 O-O 11. Rad1 Re8 12. h3 h6 13. Bh4 g5 14. Bg3 e5 15.
Qe3 Qb6 16. Qxb6 axb6 17. Nd2 b5 18. a3 Kh7 19. Nf1 g4 20. hxg4 Nxg4 21. f3 Nf6
22. Ne3 Nh5 23. Bh2 Bh4 24. Re2 Rad8 25. Nf5 Be7 26. Red2 Bf8 27. Nd5 Bxd5 28.
Rxd5 Rc8 29. c3 Nf6 30. Rxb5 Rc7 31. Kf1 Re6 32. Ke2 Kg6 33. g4 Kg5 34. Bg1 Kg6
35. Be3 Kh7 36. Rh1 Ng8 37. g5 Rd7 38. gxh6 Nxh6 39. Rd5 Kg6 40. Bxh6 Bxh6 41.
Rxh6+ Kg5 42. Rh2 Rd8 43. Rd1 Rg6 44. Ne7 Rg7 45. Rg1+ Kf6 46. Nd5+ 1-0

[Event "4th Mediterreanean Men & Women Champions"]
[Site "Cannes"]
[Date "2007.02.23"]
[Round "7.14"]
[White "Gutierrez Castillo, Paloma"]
[Black "Pace, Colin"]
[Result "1/2-1/2"]
[WhiteElo "2192"]
[BlackElo "2147"]
[PlyCount "125"]
[EventDate "2007.??.??"]

1. e4 c5 2. Nf3 g6 3. d4 Bg7 4. dxc5 Qa5+ 5. Bd2 Qxc5 6. Bc3 Nf6 7. Bd3 O-O 8.
O-O d6 9. Nbd2 Nc6 10. Nb3 Qb6 11. Qd2 Ng4 12. Bxg7 Kxg7 13. Qg5 Re8 14. Be2
Nge5 15. Nxe5 Nxe5 16. Kh1 Nc6 17. f4 Be6 18. f5 f6 19. Qg3 Bf7 20. c3 a5 21.
Bh5 a4 22. Nd2 Ne5 23. Nf3 Qe3 24. Rfe1 Qh6 25. Bg4 Nxf3 26. gxf3 Ra5 27. Re2
Rc5 28. a3 Kh8 29. fxg6 hxg6 30. Bd7 Ra8 31. Rd1 b5 32. Bg4 Kg7 33. f4 Rh8 34.
e5 dxe5 35. fxe5 Qg5 36. exf6+ exf6 37. Kg1 f5 38. Bf3 Qxg3+ 39. hxg3 Re8 40.
Rd7 Kf6 41. Red2 Bc4 42. R2d6+ Re6 43. Kf2 Rce5 44. Rxe6+ Rxe6 45. Rd8 g5 46.
Rf8+ Ke5 47. Be2 Bxe2 48. Kxe2 g4 49. Ke3 Kd5+ 50. Kd3 Re5 51. Rd8+ Kc6 52. Rf8
Kd5 53. Rd8+ Kc6 54. c4 bxc4+ 55. Kxc4 Re4+ 56. Kd3 Kc5 57. Ra8 Rd4+ 58. Ke3
Re4+ 59. Kf2 Kb5 60. Rb8+ Kc5 61. b3 axb3 62. Rxb3 f4 63. gxf4 1/2-1/2

[Event "4th Mediterreanean Men & Women Champions"]
[Site "Cannes"]
[Date "2007.02.23"]
[Round "7.15"]
[White "Solic, Kristina"]
[Black "Nikac, Predrag"]
[Result "1/2-1/2"]
[WhiteElo "2155"]
[BlackElo "2383"]
[PlyCount "115"]
[EventDate "2007.??.??"]

1. e4 c5 2. Nf3 Nc6 3. d4 cxd4 4. Nxd4 e6 5. c4 Nf6 6. Nc3 Bb4 7. Nxc6 bxc6 8.
Qc2 O-O 9. Bd3 e5 10. O-O Be7 11. h3 Nh5 12. Qe2 Nf4 13. Bxf4 exf4 14. Rad1 Qa5
15. e5 Rb8 16. Qe4 g6 17. Qxf4 Qc7 18. Qg3 Rxb2 19. h4 Qd8 20. h5 Bh4 21. Qf4
Qg5 22. Qxg5 Bxg5 23. Ne4 Bf4 24. Nf6+ Kg7 25. Be4 Rb7 26. h6+ Bxh6 27. f4 Rb4
28. g4 Kh8 29. Rf3 Bg7 30. Nxd7 Bxd7 31. Rxd7 Rxc4 32. Bd3 Ra4 33. Rf2 g5 34.
fxg5 Rxg4+ 35. Kf1 Kg8 36. Rxa7 Bxe5 37. Ra6 c5 38. Rh6 Rxg5 39. Rxh7 c4 40.
Rhxf7 Rc8 41. Bc2 Bd4 42. R7f5 Rg3 43. Rg2 Rxg2 44. Kxg2 c3 45. Rd5 Bf6 46. a4
Rb8 47. Rf5 Bd4 48. Rb5 Re8 49. Kf1 Kf7 50. a5 Ke6 51. a6 Kd6 52. Rf5 Rg8 53.
Ke2 Kc6 54. Kd3 Rd8 55. Kc4 Bh8 56. a7 Kb6 57. Rf7 Ra8 58. Be4 1/2-1/2

[Event "4th Mediterreanean Men & Women Champions"]
[Site "Cannes"]
[Date "2007.02.23"]
[Round "7.16"]
[White "Borg, Andrew"]
[Black "Lebel-Arias, Julia"]
[Result "1/2-1/2"]
[WhiteElo "2105"]
[BlackElo "1989"]
[PlyCount "75"]
[EventDate "2007.??.??"]

1. Nf3 g6 2. d4 Bg7 3. c4 d6 4. Nc3 c6 5. e4 f6 6. Be2 Nh6 7. h4 Nf7 8. h5 e5
9. d5 Na6 10. Be3 f5 11. hxg6 hxg6 12. Rxh8+ Bxh8 13. dxc6 bxc6 14. Qa4 Qd7 15.
g3 Nc5 16. Bxc5 dxc5 17. Nh4 Rb8 18. Nxg6 Rb4 19. Qc2 Bg7 20. Nh4 f4 21. Nf5
Kf8 22. a3 Rb8 23. Nh4 Bf6 24. Nf5 Qb7 25. O-O-O Bxf5 26. exf5 e4 27. gxf4 Bd4
28. Rh1 Nd6 29. Nd1 Qg7 30. Rh5 Qg1 31. Rg5 Qe1 32. b3 e3 33. Rg6 Ne4 34. fxe3
Bxe3+ 35. Kb2 Bd4+ 36. Kc1 Be3+ 37. Kb2 Bd4+ 38. Kc1 1/2-1/2

[Event "4th Mediterreanean Men & Women Champions"]
[Site "Cannes"]
[Date "2007.02.24"]
[Round "8.1"]
[White "Gurevich, Mikhail"]
[Black "Atalik, Suat"]
[Result "1/2-1/2"]
[WhiteElo "2635"]
[BlackElo "2586"]
[PlyCount "48"]
[EventDate "2007.??.??"]

1. Nf3 Nf6 2. c4 c5 3. g3 b6 4. Bg2 Bb7 5. O-O e6 6. Nc3 Be7 7. d4 cxd4 8. Qxd4
d6 9. Rd1 a6 10. b3 Nbd7 11. Ng5 Bxg2 12. Kxg2 O-O 13. Nge4 Qc7 14. Ba3 Nc5 15.
Nxf6+ Bxf6 16. Qe3 b5 17. Bxc5 dxc5 18. Rac1 bxc4 19. bxc4 Rab8 20. Ne4 Be7 21.
Rc2 Qc6 22. Qf3 Qa4 23. Rcd2 Rfd8 24. Rxd8+ Rxd8 {suite illisible nulle en 62}
1/2-1/2

[Event "4th Mediterreanean Men & Women Champions"]
[Site "Cannes"]
[Date "2007.02.24"]
[Round "8.4"]
[White "Georgiadis, Ioannis"]
[Black "Collas, Silvia"]
[Result "1-0"]
[WhiteElo "2392"]
[BlackElo "2389"]
[PlyCount "69"]
[EventDate "2007.??.??"]

1. e4 c5 2. Nf3 e6 3. d4 cxd4 4. Nxd4 a6 5. Nc3 Qc7 6. Bd3 Nf6 7. O-O Bc5 8.
Nb3 Be7 9. f4 d6 10. a4 b6 11. e5 Nfd7 12. exd6 Bxd6 13. Ne4 Be7 14. f5 exf5
15. Bf4 Ne5 16. Ng3 g6 17. Re1 Nbd7 18. Qe2 f6 19. Nxf5 gxf5 20. Qh5+ Kd8 21.
Rad1 Bc5+ 22. Kh1 Qc6 23. Bxf5 Qxa4 (23... Bb7) 24. Nxc5 bxc5 25. Bxe5 fxe5 26.
Bxd7 Bxd7 27. Qxe5 Rg8 28. Re4 Qc6 29. Qe7+ Kc8 30. Rxd7 Qxd7 31. Qxc5+ Kd8 32.
Qb6+ Qc7 33. Rd4+ Kc8 34. Qe6+ Kb7 35. Rb4+ 1-0

[Event "4th Mediterreanean Men & Women Champions"]
[Site "Cannes"]
[Date "2007.02.24"]
[Round "8.5"]
[White "Peric, Slavisa"]
[Black "Belkhodja, Slim"]
[Result "0-1"]
[WhiteElo "2306"]
[BlackElo "2487"]
[PlyCount "86"]
[EventDate "2007.??.??"]

1. d4 d6 2. e4 Nf6 3. Bd3 e5 4. c3 d5 5. dxe5 Nxe4 6. Nd2 Nc5 7. Bc2 Nc6 8.
Ndf3 Bg4 9. Bf4 Be7 10. h3 Bh5 11. Ne2 Bxf3 12. gxf3 f6 13. exf6 Bxf6 14. Be3
Qd6 15. Qd2 Ne5 16. O-O-O O-O-O 17. Nd4 Nc4 18. Qe2 Qa6 19. a3 Rhe8 20. Rhe1
Qb6 21. b4 Qa6 22. Bf5+ Nd7 23. Qa2 g6 24. Bc2 Bh4 25. Re2 Nde5 26. f4 Nf7 27.
Bd3 Nfd6 28. a4 Ne4 29. Rc2 c6 30. b5 cxb5 31. Nxb5 Nxe3 32. fxe3 Qb6 33. Nd4
Kb8 34. a5 Qc5 35. c4 Bf2 36. Rxf2 Nxf2 37. Qxf2 dxc4 38. Bf1 Qa3+ 39. Kb1 Rxe3
40. Bxc4 Rd6 41. Qd2 Re8 42. Qc2 Rc8 43. Qb3 Qxb3+ 0-1

[Event "4th Mediterreanean Men & Women Champions"]
[Site "Cannes"]
[Date "2007.02.24"]
[Round "8.9"]
[White "El Gindy, Essam"]
[Black "Khairallah, Faisal"]
[Result "1/2-1/2"]
[WhiteElo "2523"]
[BlackElo "2293"]
[PlyCount "90"]
[EventDate "2007.??.??"]

1. d4 Nf6 2. c4 g6 3. Nc3 Bg7 4. e4 d6 5. f4 O-O 6. Nf3 c5 7. d5 e6 8. dxe6
fxe6 9. e5 dxe5 10. Qxd8 Rxd8 11. fxe5 Ng4 12. Bg5 Rd7 13. Ne4 Nxe5 14. Nxe5
Bxe5 15. Nf6+ Bxf6 16. Bxf6 Rf7 17. Bc3 Nc6 18. O-O-O e5 19. Re1 Bf5 20. h3
Raf8 21. Be2 Nd4 22. Bd1 Bd3 23. Rxe5 Rc7 24. b3 Rf2 25. Re3 Rd7 26. Rxd3 Nxb3+
27. axb3 Rxd3 28. Be5 Rxg2 29. Rf1 Rxh3 30. Bf3 Rxf3 31. Rxf3 h5 32. Rg3 Rxg3
33. Bxg3 g5 34. Kd2 a6 35. Bd6 b6 36. Be7 g4 37. Ke3 Kf7 38. Bd8 b5 39. Bb6
bxc4 40. bxc4 Ke6 41. Bxc5 a5 42. Kf4 Kd7 43. Bf2 a4 44. Bc5 Kc6 45. Bb4 Kb6
1/2-1/2

[Event "4th Mediterreanean Men & Women Champions"]
[Site "Cannes"]
[Date "2007.02.24"]
[Round "8.11"]
[White "Lebel, Patrick"]
[Black "Calzetta, Monica"]
[Result "0-1"]
[WhiteElo "2165"]
[BlackElo "2352"]
[PlyCount "64"]
[EventDate "2007.??.??"]

1. d4 Nf6 2. Nf3 c5 3. e3 g6 4. Nbd2 Bg7 5. Bd3 b6 6. O-O O-O 7. b3 cxd4 8.
exd4 Bb7 9. Bb2 Nc6 10. a3 Rc8 11. Re1 d5 12. Qe2 Rc7 13. Rad1 Nh5 14. g3 Bc8
15. Nf1 Nf6 16. Ne3 Ng4 17. Ng2 Bf5 18. Bxf5 gxf5 19. Nf4 Nf6 20. Ne5 Qc8 21.
Rc1 e6 22. Nfd3 Na5 23. Nb4 Qb7 24. Qd3 Rfc8 25. Re2 Ne4 26. f3 Nc3 27. Re3 Bh6
28. f4 Ne4 29. Re2 b5 30. Kg2 Qb6 31. Kh3 Nb7 32. Qf3 Nf6 {temps} 0-1

[Event "4th Mediterreanean Men & Women Champions"]
[Site "Cannes"]
[Date "2007.02.24"]
[Round "8.12"]
[White "Mehaibia, Azzedine"]
[Black "Ozturk, Kubra"]
[Result "1-0"]
[WhiteElo "2190"]
[BlackElo "2131"]
[PlyCount "137"]
[EventDate "2007.??.??"]

1. e4 c6 2. d4 d5 3. exd5 cxd5 4. Bd3 Nf6 5. c3 Nc6 6. Bf4 e6 7. Nf3 Bd6 8.
Bxd6 Qxd6 9. O-O O-O 10. Re1 a6 11. Nbd2 b5 12. a3 Qf4 13. g3 Qc7 14. Ne5 Bb7
15. Ndf3 Na5 16. Bc2 Nc4 17. Rb1 a5 18. Nd2 Rac8 19. Nd3 Bc6 20. Nc5 Nd7 21.
Nxd7 Qxd7 22. Nb3 Qd6 23. Qh5 g6 24. Qh6 Rfe8 25. Nd2 Rb8 26. Nf3 Qf8 27. Qf4
b4 28. axb4 axb4 29. Ne5 Nxe5 30. Qxe5 Rb7 31. Ra1 b3 32. Bd3 Ra8 33. Rxa8 Qxa8
34. h4 Qb8 35. Qf6 Qf8 36. h5 Qe7 37. Qe5 Qc7 38. Qf6 Qe7 39. Qf4 Qc7 40. Qh6
Be8 41. hxg6 fxg6 42. Rxe6 Bf7 43. Re5 Ra7 44. Qe3 Qd7 45. Kg2 Ra8 46. Re7 Qd6
47. Rb7 Rb8 48. Ra7 Rf8 49. Be2 Re8 50. Qf3 Be6 51. Ra6 Qd7 52. Bd3 Bg4 53. Qf4
Rf8 54. Rf6 Rxf6 55. Qxf6 Be6 56. Be2 Bh3+ 57. Kh2 Qf5 58. Qxf5 Bxf5 59. Bf3
Be6 60. Bd1 Kf7 61. Bxb3 Ke7 62. Kg2 Kd6 63. Kf3 g5 64. Bc2 h6 65. Bd3 Kc6 66.
b3 Kd6 67. c4 dxc4 68. bxc4 Bc8 69. Ke4 1-0

[Event "4th Mediterreanean Men & Women Champions"]
[Site "Cannes"]
[Date "2007.02.24"]
[Round "8.13"]
[White "Garcia, Raul"]
[Black "Gutierrez Castillo, Paloma"]
[Result "1/2-1/2"]
[WhiteElo "2233"]
[BlackElo "2192"]
[PlyCount "109"]
[EventDate "2007.??.??"]

1. d4 d5 2. Nf3 e6 3. c4 Nf6 4. e3 c6 5. Nbd2 Nbd7 6. Bd3 Bd6 7. O-O O-O 8. e4
dxe4 9. Nxe4 Nxe4 10. Bxe4 e5 11. dxe5 Nxe5 12. Nxe5 Bxe5 13. Bxh7+ Kxh7 14.
Qh5+ Kg8 15. Qxe5 Re8 16. Qc3 Re6 17. Bf4 Re4 18. Rad1 Qe7 19. Be3 Be6 20. Rd4
Rxd4 21. Bxd4 Qg5 22. f4 Qg6 23. h3 c5 24. Bxc5 Rc8 25. f5 Bxf5 26. Bd4 Be4 27.
Rf2 b6 28. b3 Rd8 29. Qe3 Re8 30. Qf4 Bc6 31. Bb2 Re4 32. Qb8+ Kh7 33. Kh2 Re8
34. Qg3 Qxg3+ 35. Kxg3 Kg6 36. Rd2 f6 37. Kf2 Re6 38. a4 Re7 39. Bd4 Rd7 40.
Ke3 Re7+ 41. Kd3 Re1 42. Be3 Kf5 43. Rf2+ Ke6 44. a5 Rb1 45. Kc3 bxa5 46. Bxa7
a4 47. bxa4 Bxa4 48. Be3 Bc6 49. h4 Rg1 50. Rxf6+ Kxf6 51. Bxg1 Bxg2 52. Kd4
Ke6 53. Bh2 g6 54. Kc5 Kd7 55. Kd4 1/2-1/2

[Event "4th Mediterreanean Men & Women Champions"]
[Site "Cannes"]
[Date "2007.02.24"]
[Round "8.14"]
[White "Pace, Colin"]
[Black "Solic, Kristina"]
[Result "0-1"]
[WhiteElo "2147"]
[BlackElo "2155"]
[PlyCount "76"]
[EventDate "2007.??.??"]

1. e4 c5 2. Nf3 d6 3. d4 cxd4 4. Nxd4 Nf6 5. Nc3 Nc6 6. Bc4 Bd7 7. O-O g6 8.
Re1 Bg7 9. Nb3 O-O 10. Bg5 h6 11. Bh4 Rc8 12. Bf1 Ne5 13. Nd5 Nxd5 14. exd5 Re8
15. c3 Nc4 16. Bxc4 Rxc4 17. Bg3 b5 18. Nd2 Rc8 19. a3 Bf5 20. Qf3 Qd7 21. h3
a5 22. Re3 b4 23. axb4 axb4 24. Rae1 bxc3 25. bxc3 Bf6 26. c4 Rc7 27. Ne4 Bxe4
28. Rxe4 Rec8 29. Qe2 Rb8 30. Rc1 Rb3 31. Bf4 h5 32. Bd2 Ra7 33. Qd1 Rb2 34.
Re1 Raa2 35. Be3 Qf5 36. Rf1 Qe4 37. Qe1 Re2 38. Qb4 Qxe3 0-1

[Event "4th Mediterreanean Men & Women Champions"]
[Site "Cannes"]
[Date "2007.02.24"]
[Round "8.15"]
[White "Lebel-Arias, Julia"]
[Black "Nikac, Predrag"]
[Result "0-1"]
[WhiteElo "1989"]
[BlackElo "2383"]
[PlyCount "98"]
[EventDate "2007.??.??"]

1. d4 f5 2. Bg5 g6 3. Nf3 Nh6 4. h4 Nf7 5. Nc3 Bg7 6. Qd2 c5 7. e3 h6 8. Bf4
O-O 9. Bc4 cxd4 10. exd4 e6 11. O-O-O d5 12. Bb3 Nc6 13. Kb1 a5 14. a4 Bd7 15.
Nb5 Na7 16. Bc7 Qc8 17. Bxa5 Nxb5 18. axb5 Bxb5 19. Bb4 Re8 20. Rhe1 Qc6 21.
Re3 Qa6 22. Ba3 Nd6 23. Qe1 Ne4 24. Ne5 Bf8 25. Ba2 f4 26. Rh3 Kh7 27. c4 Bc6
28. Rc1 Bxa3 29. Rxa3 Qb6 30. c5 Qb5 31. Ka1 Rxa3 32. bxa3 Ra8 33. f3 Ng3 34.
Rc2 Qa4 35. Qf2 Nf5 36. Rb2 Nxd4 37. h5 g5 38. Nxc6 bxc6 39. Rb7+ Kg8 40. Kb1
Qxa3 41. Qxd4 Qxa2+ 42. Kc1 Qa1+ 43. Qxa1 Rxa1+ 44. Kb2 Rg1 45. Re7 Rxg2+ 46.
Kc3 Re2 47. Rc7 g4 48. fxg4 f3 49. Kd3 Re1 0-1

[Event "4th Mediterreanean Men & Women Champions"]
[Site "Cannes"]
[Date "2007.02.24"]
[Round "8.16"]
[White "Messina, Roberta"]
[Black "Borg, Andrew"]
[Result "0-1"]
[WhiteElo "1834"]
[BlackElo "2105"]
[PlyCount "106"]
[EventDate "2007.??.??"]

1. e4 c5 2. Nf3 g6 3. d4 Bg7 4. Nc3 cxd4 5. Nxd4 Nc6 6. Be3 Nf6 7. Be2 O-O 8.
O-O d5 9. exd5 Nb4 10. d6 Qxd6 11. Ndb5 Qb8 12. Bc5 Nc6 13. Bf3 a6 14. Bxc6
bxc6 15. Nd4 Qc7 16. Re1 Re8 17. Qf3 Bb7 18. Rad1 Nd7 19. Nb3 Ne5 20. Qg3 Rac8
21. h4 Nc4 22. Qxc7 Rxc7 23. Re4 Nxb2 24. Re3 Nxd1 25. Nxd1 Rd7 26. Nc3 Bf8 27.
Ne4 Rd1+ 28. Kh2 Red8 29. Bb6 R8d5 30. Nc3 e6 31. Nxd1 Bd6+ 32. g3 Rxd1 33. Na5
Ba8 34. Nc4 Be7 35. Rd3 Rxd3 36. cxd3 Kf8 37. Kg1 c5 38. Kf1 Bd5 39. Ke2 f6 40.
Ke3 Ke8 41. a3 Kd7 42. Kf4 Kc6 43. Ba5 Kb5 44. Bd2 Bxc4 45. dxc4+ Kxc4 46. g4
Kd3 47. Be3 c4 48. g5 Bd6+ 49. Kg4 f5+ 50. Kf3 e5 51. Bc1 e4+ 52. Kg2 f4 53.
Kf1 Kc2 0-1

[Event "4th Mediterreanean Men & Women Champions"]
[Site "Cannes"]
[Date "2007.02.25"]
[Round "9.1"]
[White "Atalik, Suat"]
[Black "Georgiadis, Ioannis"]
[Result "1-0"]
[WhiteElo "2586"]
[BlackElo "2392"]
[PlyCount "65"]
[EventDate "2007.??.??"]

1. Nf3 Nf6 2. c4 e6 3. Nc3 Bb4 4. Qc2 O-O 5. a3 Bxc3 6. Qxc3 c5 7. b4 b6 8.
bxc5 bxc5 9. g3 Nc6 10. Bg2 Qa5 11. Qc2 Rb8 12. O-O Bb7 13. Bb2 Qc7 14. e3 e5
15. Bc3 d6 16. Nh4 Ne7 17. f4 Ng6 18. Bxb7 Rxb7 19. Nf5 Re8 20. Qd3 d5 21. cxd5
c4 22. d6 cxd3 23. dxc7 Rxc7 24. Nd6 Re6 25. Rab1 exf4 26. Rb8+ Nf8 27. Bxf6
gxf6 28. Rxf4 h5 29. Nf5 Rc1+ 30. Kg2 Rd1 31. Rd4 Rxd2+ 32. Kh3 Rb6 33. Rxf8+
1-0

[Event "4th Mediterreanean Men & Women Champions"]
[Site "Cannes"]
[Date "2007.02.25"]
[Round "9.2"]
[White "Apicella, Manuel"]
[Black "Bogut, Zeljko"]
[Result "1-0"]
[WhiteElo "2534"]
[BlackElo "2437"]
[PlyCount "81"]
[EventDate "2007.??.??"]

1. e4 c5 2. Nf3 Nc6 3. d4 cxd4 4. Nxd4 Nf6 5. Nc3 d6 6. Be2 e6 7. O-O Be7 8.
Kh1 O-O 9. f4 a6 10. a4 Qc7 11. Be3 Bd7 12. Nb3 b6 13. Qe1 Na5 14. Nd2 b5 15.
Qf2 Nc4 16. Nxc4 bxc4 17. Bd4 Bc6 18. Qg3 g6 19. f5 e5 20. Be3 Kh8 21. Bg5 Qd8
22. Qh4 Rg8 23. Bxc4 gxf5 24. Rxf5 Rxg5 25. Qxg5 Nxe4 26. Qh5 Nxc3 27. bxc3 Be4
28. Rf2 Bg6 29. Qf3 f5 30. Qd5 a5 31. Rb1 Rc8 32. Rb7 Bh4 33. Rf1 Rc5 34. Qe6
Qc8 35. Qxd6 Rc6 36. Qxe5+ Bf6 37. Qb5 Rxc4 38. Rb8 Qxb8 39. Qxb8+ Kg7 40. Qa7+
Kh6 41. Qa6 1-0